Škoda v kontexte zákona o DPH

Pojem „škoda“ z právneho hľadiska zahrnuje majetkovú ujmu, ktorá nastala v majetkovej sfére poškodeného, je objektívne vyjadriteľná peniazmi ako všeobecným ekvivalentom a môže byť napraviteľná jedine poskytnutím iného majetkového plnenia (poistnou náhradou). Škody, príp. zmarené investície z účtovné...

Full description

Saved in:
Bibliographic Details
Main Author: Dobšovič, Dušan
Format: Book Chapter
Language:Slovak
Subjects:
Tags: Add Tag
No Tags, Be the first to tag this record!

MARC

LEADER 00000naa a2200000 4500
001 0117774
005 20231127100726.5
041 0 |a slo 
044 |a SK 
245 1 0 |a Škoda v kontexte zákona o DPH  |c Dušan Dobšovič 
520 |a Pojem „škoda“ z právneho hľadiska zahrnuje majetkovú ujmu, ktorá nastala v majetkovej sfére poškodeného, je objektívne vyjadriteľná peniazmi ako všeobecným ekvivalentom a môže byť napraviteľná jedine poskytnutím iného majetkového plnenia (poistnou náhradou). Škody, príp. zmarené investície z účtovného pohľadu treba považovať za mimoriadny úbytok majetku účtovnej jednotky, ktorý vzniká ako neželaný mimoriadny jav v rámci výkonu hospodárskej činnosti. 
610 2 0 |a dane z hodnoty pridanej 
610 2 0 |a škody 
610 2 0 |a účtovníctvo 
610 2 0 |a investície 
610 2 0 |a legislatíva 
100 1 |a Dobšovič, Dušan